书目信息 |
| 题名: |
建筑施工技术
|
|
| 作者: | 雷远达 , 李纪伟 主编 | |
| 分册: | ||
| 出版信息: | 武汉 武汉理工大学出版社 2013 |
|
| 页数: | 222页 | |
| 开本: | 26cm | |
| 丛书名: | ||
| 单 册: | ||
| 中图分类: | TU74 | |
| 科图分类: | ||
| 主题词: | 建筑工程--工程施工--中等专业教育--教材 , 建筑工程 | |
| 电子资源: | ||
| ISBN: | 978-7-5629-3993-1 | |
| 000 | 00903nam0 2200253 450 | |
| 001 | 141178 | |
| 005 | 20141106121827.85 | |
| 010 | @a978-7-5629-3993-1@dCNY 29.00 | |
| 100 | @a20131203d2013 em y0chiy50 ea | |
| 101 | 0 | @achi |
| 102 | @aCN@b420000 | |
| 105 | @aa z 000yy | |
| 200 | 1 | @a建筑施工技术@9jian zhu shi gong ji shu@b专著@f雷远达,李纪伟主编 |
| 210 | @a武汉@c武汉理工大学出版社@d2013 | |
| 215 | @a222页@c图@d26cm | |
| 300 | @a中等职业教育专业技能课教材 中等职业教育建筑工程施工专业规划教材 | |
| 330 | @a本书共分为九大项目,包括土方工程、基础工程、脚手架工程、砌体工程、钢筋混凝土结构工程、预应力混凝土工程、结构安装工程、防水工程和装饰装修工程。 | |
| 606 | 0 | @a建筑工程@x工程施工@x中等专业教育@j教材 |
| 606 | 0 | @a建筑工程 |
| 690 | @aTU74@v5 | |
| 701 | 0 | @a雷远达@9lei yuan da@4主编 |
| 701 | 0 | @a李纪伟@9li ji wei@4主编 |
| 801 | 0 | @aCN@bWT@c20141106 |
| 905 | @a241430@dTU74@eL079 | |
| 建筑施工技术/雷远达,李纪伟主编.-武汉:武汉理工大学出版社,2013 |
| 222页:图;26cm |
| 中等职业教育专业技能课教材 中等职业教育建筑工程施工专业规划教材 |
| ISBN 978-7-5629-3993-1:CNY 29.00 |
| 本书共分为九大项目,包括土方工程、基础工程、脚手架工程、砌体工程、钢筋混凝土结构工程、预应力混凝土工程、结构安装工程、防水工程和装饰装修工程。 |
| ● |
| 相关链接 |
|
|
|
正题名:建筑施工技术
索取号:TU74/L079
 
预约/预借
| 序号 | 登录号 | 条形码 | 馆藏地/架位号 | 状态 | 备注 |
| 1 | 0837150 | 208371509 | 建筑库201/201建筑库 107排7列2层/ [索取号:TU74/L079] | 在馆 | |
| 2 | 0837151 | 208371518 | 建筑库201/201建筑库 107排7列2层/ [索取号:TU74/L079] | 在馆 | |
| 3 | 0837152 | 208371527 | 建筑库201/201建筑库 107排7列2层/ [索取号:TU74/L079] | 在馆 |